Zur Wirtschaftlichkeit der Überwachung von Routinetätigkeiten. <Ein> Modell der Überwachungs- und Kosten- theorie.
Závislosť efektívnosti kontroly rutinných činností od počtu nájdených chýb a veľkosti nákladov, ktorým sa predišlo a nákladov na kontrolu. Model kontrolných postupov, ktorý má zvýšiť spoľahlivosť, jeho nákladová štruktúra a pomoc pri optimálnom plánovaní a organizácii kontroly. Model spoľahlivosti a...
Gespeichert in:
| 1. Verfasser: | |
|---|---|
| Weitere Verfasser: | |
| Format: | Buchkapitel |
| Sprache: | Deutsch |
| Schlagworte: | |
| Tags: |
Keine Tags, Fügen Sie das erste Tag hinzu!
|
MARC
| LEADER | 00000naa a2200000 4500 | ||
|---|---|---|---|
| 001 | r006290 | ||
| 005 | 20221130104040.4 | ||
| 041 | 0 | |a ger | |
| 044 | |a DE | ||
| 245 | 1 | 0 | |a Zur Wirtschaftlichkeit der Überwachung von Routinetätigkeiten. |b <Ein> Modell der Überwachungs- und Kosten- theorie. |c J. Baetge, A. Schuppert |
| 520 | |a Závislosť efektívnosti kontroly rutinných činností od počtu nájdených chýb a veľkosti nákladov, ktorým sa predišlo a nákladov na kontrolu. Model kontrolných postupov, ktorý má zvýšiť spoľahlivosť, jeho nákladová štruktúra a pomoc pri optimálnom plánovaní a organizácii kontroly. Model spoľahlivosti a výrobné funkcie. | ||
| 610 | 2 | 0 | |a kontrola výroby |
| 610 | 2 | 0 | |a náklady |
| 610 | 2 | 0 | |a modely ekonomické |
| 610 | 2 | 0 | |a plánovanie optimálne |
| 100 | 1 | |a Baetge, J. | |
| 700 | 1 | |a Schuppert, A. | |